Harrison principes en médecine interne/ (Record no. 50450)
[ view plain ]
| 000 -LEADER | |
|---|---|
| fixed length control field | 00788nam a22002177a 4500 |
| 003 - CONTROL NUMBER IDENTIFIER | |
| control field | 0 |
| 005 - DATE AND TIME OF LATEST TRANSACTION | |
| control field | 20160609171240.0 |
| 008 - FIXED-LENGTH DATA ELEMENTS--GENERAL INFORMATION | |
| fixed length control field | 130327t xxu||||| |||| 00| 0 eng d |
| 020 ## - NUMERO INTERNATIONAL NORMALISE DES LIVRES | |
| International Standard Book Number | 2-257-18547-8 |
| 040 ## - SOURCE DU CATALOGAGE | |
| Original cataloging agency | BUAC |
| Language of cataloging | Fre |
| Transcribing agency | BFSS |
| 100 ## - VEDETTE PRINCIPALE - NOM DE PERSONNE | |
| Personal name | Kasper, Dennis L. |
| 9 (RLIN) | 22603 |
| 245 ## - TITLE STATEMENT | |
| Title | Harrison principes en médecine interne/ |
| Statement of responsibility, etc | Coord. pae Dennis L. Kasper... |
| Medium | Eugène Brauwald, Anthony S. Fauci, Stephen L. Hausser,...(et al) |
| 250 ## - EDITION STATEMENT | |
| Edition statement | 16 èd |
| 260 ## - PUBLICATION, DISTRIBUTION, ETC. (IMPRINT) | |
| Place of publication, distribution, etc | Paris |
| Name of publisher, distributor, etc | Flammarion Médecine-sciences |
| Date of publication, distribution, etc | 2006 |
| 300 ## - PHYSICAL DESCRIPTION | |
| Extent | XXVII- 2293p. |
| Other physical details | ill.,couv.ill. en coul. |
| Dimensions | 27cm |
| 500 ## - GENERAL NOTE | |
| General note | Trad. de <<Harrison's principles of internal medecine>> |
| 504 ## - BIBLIOGRAPHY, ETC. NOTE | |
| Bibliography, etc | Réf.bibliogr.Index |
| 653 ## - INDEX TERM--UNCONTROLLED | |
| Uncontrolled term | Médecine interne |
| 700 ## - ADDED ENTRY--PERSONAL NAME | |
| Personal name | Braunwald, Eugène; Fauci, Anthony |
| Numeration | Hauser, stephen |
| 9 (RLIN) | 22604 |
| Withdrawn status | Lost status | Damaged status | Not for loan | Location (home branch) | Sublocation or collection (holding branch) | Date acquired | Source of acquisition | Koha issues (times borrowed) | Koha full call number | Piece designation (barcode) | Koha date last seen | Copy number | Price effective from | Koha item type |
|---|---|---|---|---|---|---|---|---|---|---|---|---|---|---|
| Bibliothèque Faculté des Sciences de la Santé | Bibliothèque Faculté des Sciences de la Santé | Achat | Nut005 | 11063BFSS | 27/03/2013 | 1 | 27/03/2013 | Livre exclu du prêt | ||||||
| Bibliothèque Faculté des Sciences de la Santé | Bibliothèque Faculté des Sciences de la Santé | Achat | NUT005 HAR | 11064BFSS | 27/03/2013 | 2 | 27/03/2013 | Livre exclu du prêt | ||||||
| Bibliothèque Faculté des Sciences de la Santé | Bibliothèque Faculté des Sciences de la Santé | Achat | NUT005 HAR | 11065BFSS | 27/03/2013 | 3 | 27/03/2013 | Livre exclu du prêt | ||||||
| Bibliothèque Faculté des Sciences de la Santé | Bibliothèque Faculté des Sciences de la Santé | Achat | NUT005 HAR | 11066BFSS | 27/03/2013 | 4 | 27/03/2013 | Livre exclu du prêt |